000
00205 a2200097 4500
001
44452
100
_a
Weltan
245
_a
Third World War
260
_a
London
_b
Pall Mall Press
_c
090
_c
28165
_d
28165
942
_a
NUST-CAE
_c
M
_c
20186
999
_c
279525
_d
279525